[Event "Santa Catalina"]
[Site "Santa Catalina"]
[Date "1987.??.??"]
[Round "?"]
[White "Bellon Lopez, Juan Manuel"]
[Black "Rivas Pastor, Manuel"]
[Result "0-1"]
[WhiteElo "2370"]
[BlackElo "2440"]

1.d4 Nf6 2.c4 e6 3.Nf3 Bb4+ 4.Nbd2 c5 5.e3 b6 6.Bd3 Bb7 7.O-O O-O 8.a3 Bxd2
9.Qxd2 Bxf3 10.gxf3 cxd4 11.exd4 Nc6 12.Qf4 d5 13.c5 bxc5 14.dxc5 e5 15.Qg3 e4
16.fxe4 dxe4 17.Ba6 Nd4 18.Rd1 Nf3+ 19.Qxf3 exf3 20.Rxd8 Raxd8 21.Bf4 Rd4
22.Be3 Rg4+ 23.Kf1 Nd5 24.c6 Rg2 25.Bxa7 Re8 26.c7 Rxh2 27.Kg1 Rg2+ 28.Kf1 Nxc7
29.Bb7 Rg5 30.Bxf3 h5 31.a4 h4 32.Rc1 Nd5 33.Rc5 Rd8 34.Bb6 Rd7 35.Rc8+ Kh7
36.Bd8 f6 37.Be4+ g6 38.Bxd5 Rgxd5 39.Bxf6 g5 40.Bc3 Kg6 41.Kg2 Rf7 42.a5 g4
43.Be1 h3+ 44.Kh2 Re5 45.Rc1 Re2 46.b4 Rf3 47.a6 g3+  0-1

[Event "Santa Catalina"]
[Site "Santa Catalina"]
[Date "1987.??.??"]
[Round "?"]
[White "Armas, Jorge"]
[Black "Sunye Neto, Jaime"]
[Result "1-0"]
[WhiteElo "2455"]
[BlackElo "2500"]

1.d4 Nf6 2.c4 e6 3.Nf3 Bb4+ 4.Nbd2 b6 5.a3 Bxd2+ 6.Bxd2 Bb7 7.Bg5 d6 8.e3 Nbd7
9.Nd2 Qe7 10.Be2 Bxg2 11.Rg1 Bb7 12.Qa4 a6 13.Bh4 Rg8 14.O-O-O O-O-O 15.f4 h6
16.Nf3 e5 17.c5 exd4 18.c6 Qxe3+ 19.Rd2 Nc5 20.cxb7+ Kxb7 21.Qd1 d3 22.Bf1 Nfe4
23.Bg2 d5 24.Re1 Qxf4 25.Bxd8 Rxd8 26.Kb1 g5 27.Rxd3 Nxd3 28.Qxd3 f5 29.Nd4 Nc5
30.Qc4 Qd6 31.Nxf5 Qd7 32.Re5 Ne4 33.Rxd5  1-0

[Event "Spijkenisse"]
[Site "Spijkenisse"]
[Date "1987.??.??"]
[Round "1"]
[White "Cramling, Pia"]
[Black "Ioseliani, Nana"]
[Result "1-0"]
[WhiteElo "2435"]
[BlackElo "2455"]

1.d4 Nf6 2.c4 e6 3.Nf3 Bb4+ 4.Nbd2 b6 5.a3 Bxd2+ 6.Bxd2 Bb7 7.Bg5 d6 8.e3 Nbd7
9.Qc2 h6 10.Bh4 Qe7 11.Rd1 O-O-O 12.Bg3 g5 13.b4 h5 14.c5 dxc5 15.bxc5 Nxc5
16.Rc1 Rd5 17.Bc4 Rf5 18.dxc5 Rxc5 19.Qb2 Rd8 20.O-O Ne4 21.Be2 h4 22.Be5 g4
23.Rxc5 bxc5 24.Rb1 c6 25.Ng5 Rd2 26.Nxe4 Rxb2 27.Rxb2 c4 28.Nd6+  1-0

[Event "St Ingbert op"]
[Site "St Ingbert"]
[Date "1987.??.??"]
[Round "6"]
[White "Burkart, Patrick"]
[Black "Sarosi, Zoltan"]
[Result "1-0"]
[WhiteElo "2245"]
[BlackElo "2330"]

1.d4 Nf6 2.c4 e6 3.Nf3 Bb4+ 4.Nbd2 b6 5.a3 Bxd2+ 6.Nxd2 Bb7 7.Qc2 c5 8.dxc5 bxc5
9.b3 O-O 10.Bb2 d6 11.e3 Nbd7 12.Bd3 Qb6 13.O-O Rab8 14.b4 cxb4 15.axb4 Qxb4
16.Bd4 e5 17.Rfb1 Qxb1+ 18.Rxb1 exd4 19.exd4 Rfc8 20.Qa4 a6 21.f3 Nf8 22.Ne4 Nxe4
23.Bxe4 Bxe4 24.Rxb8 Rxb8 25.fxe4 Rb6 26.h3 g6 27.e5 dxe5 28.d5 e4 29.c5 Rb5
30.Qxb5 axb5 31.c6  1-0

[Event "Tatran Cup"]
[Site "Stary Smokovec"]
[Date "1987.??.??"]
[Round "?"]
[White "Stohl, Igor"]
[Black "Robatsch, Karl"]
[Result "1/2-1/2"]
[WhiteElo "2450"]
[BlackElo "2410"]

1.d4 Nf6 2.c4 e6 3.Nf3 Bb4+ 4.Nbd2 c5 5.a3 Bxd2+ 6.Qxd2 cxd4 7.Nxd4 d5 8.e3 O-O
9.cxd5 Qxd5 10.Nb5 Nc6 11.Qxd5 Nxd5 12.Bd2 Rd8 13.Rc1 e5 14.Nc3 Nde7 15.Bc4 Bf5
16.e4 Be6 17.Bxe6 fxe6 18.Ne2 h6 19.h4 Nc8 20.Be3 Nd6 21.f3 Nb5 22.Kf2 Rd3
23.Rhd1 Rad8 24.Rxd3 Rxd3 25.Rc2 Nbd4 26.Rd2 Rxd2 27.Bxd2 Nxe2 28.Kxe2 h5
29.Kd3  1/2-1/2

[Event "Armed Forces-ch "]
[Site "Sverdlovsk"]
[Date "1987.??.??"]
[Round "?"]
[White "Malaniuk, Vladimir P"]
[Black "Vyzmanavin, Alexey"]
[Result "0-1"]
[WhiteElo "2575"]
[BlackElo "2485"]

1.d4 Nf6 2.Nf3 e6 3.c4 Bb4+ 4.Nbd2 O-O 5.a3 Be7 6.e3 d5 7.Bd3 b6 8.Qc2 Bb7
9.O-O a5 10.b3 Nbd7 11.cxd5 exd5 12.Bb2 c5 13.Ne5 a4 14.bxa4 c4 15.Bf5 g6
16.Bh3 Re8 17.f4 Nf8 18.g4 N6d7 19.g5 Nxe5 20.dxe5 Bc5 21.Rae1 Ne6 22.Bg2 Qd7
23.f5 gxf5 24.Qxf5 Rxa4 25.Rf4 c3 26.Rxa4 cxd2 27.Rf1 d1=Q  0-1

[Event "Tashkent"]
[Site "Tashkent"]
[Date "1987.??.??"]
[Round "?"]
[White "Epishin, Vladimir"]
[Black "Rashkovsky, Nukhim N"]
[Result "1/2-1/2"]
[WhiteElo "2430"]
[BlackElo "2470"]

1.d4 Nf6 2.Nf3 e6 3.c4 Bb4+ 4.Nbd2 d5 5.a3 Be7 6.e3 O-O 7.b4 b6 8.cxd5 exd5
9.Qc2 Bb7 10.Bd3 Nbd7 11.Bb2 Bd6 12.Ne5 Qe8 13.Ndf3 a6 14.Bf5 g6 15.Bh3 b5
16.Bxd7 Nxd7 17.Nxd7 Qxd7 18.O-O a5  1/2-1/2

[Event "Voronez"]
[Site "Voronez"]
[Date "1987.??.??"]
[Round "?"]
[White "Yrjola, Jouni"]
[Black "Kristiansen, Jens"]
[Result "0-1"]
[WhiteElo "2425"]
[BlackElo "2445"]

1.d4 Nf6 2.c4 e6 3.Nf3 Bb4+ 4.Nbd2 b6 5.a3 Bxd2+ 6.Qxd2 Bb7 7.e3 O-O 8.b3 d6
9.Bb2 Nbd7 10.Be2 Ne4 11.Qc2 f5 12.O-O Qe7 13.Rad1 Rae8 14.b4 Rf6 15.c5 Bd5
16.Bc4 Bxc4 17.Qxc4 g5 18.cxd6 cxd6 19.Nd2 d5 20.Qe2 Nd6 21.b5 g4 22.Rc1 Rh6
23.Rfd1 Qh4 24.Nf1 Nc4 25.Rxc4 dxc4 26.Qxc4 Nf6 27.Qc7 Nd5 28.Qxa7 g3 29.fxg3 Qe4
30.Qd7 Rf8 31.Qc6 Rg6 32.Re1 f4 33.Qc1 f3 34.gxf3 Rxf3 35.Qd2 Rgf6 36.Bc1 Rf2
37.Qxf2 Rxf2 38.Kxf2 Nf6 39.Nd2 Qd3 40.Re2 Ng4+ 41.Kf3 Qf5+ 42.Kg2 Qxb5 43.Re1 Qd5+
44.Nf3 Nxh2 45.e4 Qa2+ 46.Nd2 Ng4 47.Kf3 h5 48.Ke2 Qc2 49.Rh1 Qc3 50.Nf3 Qc4+
51.Kd2 Qa2+ 52.Kc3 Qg2  0-1

[Event "Vrnjacka Banja"]
[Site "Vrnjacka Banja"]
[Date "1987.??.??"]
[Round "5"]
[White "Atanasijadis, Antimos"]
[Black "Knezevic, Milorad"]
[Result "1/2-1/2"]
[WhiteElo "2305"]
[BlackElo "2445"]

1.d4 Nf6 2.Nf3 e6 3.c4 Bb4+ 4.Nbd2 d5 5.Qa4+ Nc6 6.e3 O-O 7.a3 Bxd2+ 8.Bxd2 Ne4
9.Rd1 Ne7 10.Qc2 a5 11.Bd3 f5 12.O-O Ng6 13.Be1 Qe7 14.Ne5  1/2-1/2

[Event "Hoogovens-B"]
[Site "Wijk aan Zee"]
[Date "1987.??.??"]
[Round "?"]
[White "Brenninkmeijer, Joris"]
[Black "Carlier, Bruno"]
[Result "1/2-1/2"]
[WhiteElo "2360"]
[BlackElo "2360"]

1.d4 Nf6 2.c4 e6 3.Nf3 Bb4+ 4.Nbd2 b6 5.a3 Bxd2+ 6.Bxd2 Bb7 7.Bg5 h6 8.Bh4 d6
9.e3 Nbd7 10.Bd3 g5 11.Bg3 h5 12.h3 Rg8 13.Qe2 Qe7 14.O-O-O O-O-O 15.e4 e5
16.d5 Kb8 17.b4 h4 18.Bh2 Nh5 19.g3 hxg3 20.fxg3 g4 21.Nd2 c5 22.Kb1 Ndf6
23.h4 Qe8 24.Bc2 Rc8 25.Kb2 Ba6 26.b5 Bb7 27.a4 Rc7 28.a5 Bc8 29.Ra1 Ng7
30.Ra3 Nfh5 31.Rha1 Rb7 32.axb6 axb6 33.Nf1 f6 34.Ne3 Qg6 35.Nf5 Nxf5 36.exf5 Qh7
37.Ra8+  1/2-1/2

[Event "Hoogovens-B"]
[Site "Wijk aan Zee"]
[Date "1987.??.??"]
[Round "?"]
[White "Kuijf, Marinus"]
[Black "Carlier, Bruno"]
[Result "1-0"]
[WhiteElo "2470"]
[BlackElo "2360"]

1.d4 Nf6 2.Nf3 e6 3.c4 Bb4+ 4.Nbd2 b6 5.e3 Bb7 6.Bd3 Ne4 7.O-O f5 8.Qc2 Bxd2
9.Nxd2 Nxd2 10.Bxd2 O-O 11.Rae1 Qh4 12.e4 f4 13.f3 Nc6 14.Bc3 d6 15.Qf2 Qxf2+
16.Kxf2 e5 17.d5 Nb8 18.b4 Nd7 19.Rb1 Kf7 20.Rfc1 Ke7 21.Be1 a5 22.c5 axb4
23.c6 Nc5 24.cxb7 Nxd3+ 25.Kf1 Rad8 26.Rxc7+ Rd7 27.Bh4+  1-0

[Event "Hoogovens-B"]
[Site "Wijk aan Zee"]
[Date "1987.??.??"]
[Round "?"]
[White "Riemersma, Liafbern"]
[Black "Rogers, Ian"]
[Result "0-1"]
[WhiteElo "2395"]
[BlackElo "2525"]

1.d4 Nf6 2.Nf3 e6 3.c4 Bb4+ 4.Nbd2 b6 5.a3 Bxd2+ 6.Bxd2 h6 7.e3 Bb7 8.Bd3 d6
9.Qc2 Nbd7 10.b4 c5 11.dxc5 bxc5 12.Bc3 O-O 13.O-O Qe7 14.Nd2 Rfc8 15.Rfd1 d5
16.Qb2 Rab8 17.Bf1 Ba8 18.Rac1 e5 19.cxd5 Nxd5 20.b5 Re8 21.Qc2 Rb6 22.a4 Rg6
23.g3 h5 24.Bg2 h4 25.Nc4 e4 26.Rd2 hxg3 27.hxg3 Rh6 28.Na5 Nxc3 29.Qxc3 Ne5
30.Qxc5 Qf6 31.Qd4 Nf3+  0-1

[Event "Zenica"]
[Site "Zenica"]
[Date "1987.??.??"]
[Round "?"]
[White "Garcia Palermo, Carlos"]
[Black "Cebalo, Miso"]
[Result "1-0"]
[WhiteElo "2530"]
[BlackElo "2480"]

1.d4 Nf6 2.c4 e6 3.Nf3 Bb4+ 4.Nbd2 b6 5.a3 Bxd2+ 6.Qxd2 Bb7 7.e3 O-O 8.Be2 Ne4
9.Qc2 f5 10.O-O Rf6 11.Rd1 d6 12.d5 e5 13.Nh4 Bc8 14.f3 Ng5 15.f4 Nf7 16.b4 a5
17.Bb2 Na6 18.Bc3 Bd7 19.Rf1 Qf8 20.Rae1 axb4 21.axb4 g5 22.Nf3 Rg6 23.Ra1 c5
24.dxc6 Bxc6 25.Qxf5 Bb7 26.fxe5 Qe7 27.b5 Nc5 28.Rxa8+ Bxa8 29.Qc8+ Qd8
30.Qxd8+ Nxd8 31.exd6 Nf7 32.Ne5 Nxe5 33.Bxe5 Re6 34.Bd4 Rxd6 35.Bxc5 bxc5
36.Rd1  1-0

[Event "Zuerich op"]
[Site "Zuerich"]
[Date "1987.??.??"]
[Round "3"]
[White "Bayer, Ernst Wolfgang"]
[Black "Kovacevic, Vladimir"]
[Result "1-0"]
[WhiteElo "2315"]
[BlackElo "2260"]

1.d4 Nf6 2.c4 e6 3.Nf3 Bb4+ 4.Nbd2 b6 5.a3 Bxd2+ 6.Bxd2 Ne4 7.Bc1 Bb7 8.e3 O-O
9.Be2 d6 10.O-O a5 11.Qc2 h6 12.b3 Nd7 13.Bb2 f5 14.d5 e5 15.Ne1 Nec5 16.b4 axb4
17.axb4 Rxa1 18.Bxa1 Na6 19.Bc3 Nab8 20.Qa4 Ba6 21.Qa2 Nf6 22.b5 Bc8 23.f4 Ne4
24.Ba1 exf4 25.exf4 Nd7 26.Nf3 Ndc5 27.Qb2 Nf6 28.Qc2 Bd7 29.Nd4 Re8 30.Bf3 Qe7
31.Nxf5 Bxf5 32.Qxf5 Qe3+ 33.Kh1 Qf2 34.Qb1  1-0

[Event "Wch U20"]
[Site "Adelaide"]
[Date "1988.??.??"]
[Round "4"]
[White "Gelfand, Boris"]
[Black "Dimitrov, Vladimir"]
[Result "1/2-1/2"]
[WhiteElo "2585"]
[BlackElo "2380"]

1.d4 e6 2.c4 Nf6 3.Nf3 Bb4+ 4.Nbd2 O-O 5.a3 Be7 6.e4 d5 7.Qc2 dxe4 8.Nxe4 Nbd7
9.Bd3 Nxe4 10.Bxe4 Nf6 11.Bd3 b6 12.Be3 Bb7 13.O-O-O Qc8 14.Ne5 c5 15.Rhe1 cxd4
16.Bxd4 Rd8 17.Bc3 Bxg2 18.Rg1 Qb7 19.f3 Bxf3 20.Rdf1 Rxd3 21.Qxd3 Be4 22.Qh3 Bf5
23.Rxf5 exf5 24.Qxf5 g6 25.Nxg6 hxg6  1/2-1/2

[Event "Wch U20"]
[Site "Adelaide"]
[Date "1988.??.??"]
[Round "12"]
[White "Piket, Jeroen"]
[Black "Dimitrov, Vladimir"]
[Result "1-0"]
[WhiteElo "2495"]
[BlackElo "2380"]

1.d4 e6 2.c4 Nf6 3.Nf3 Bb4+ 4.Nbd2 O-O 5.a3 Be7 6.e4 d5 7.Qc2 c5 8.e5 Nfd7
9.Bd3 h6 10.O-O Nc6 11.cxd5 exd5 12.Re1 a5 13.Bf5 cxd4 14.Nb3 Qb6 15.e6 Nc5
16.exf7+ Rxf7 17.Nbxd4 Nxd4 18.Nxd4 Qf6 19.Bh7+ Kh8 20.Be3 Bd7 21.Rac1 Rc8
22.Qg6 Rff8 23.Nf3 Nb3 24.Rxc8 Rxc8 25.Qd3 a4 26.Qxd5 Bc6 27.Qf5 Rf8 28.Ne5 Be8
29.Qe4 Nc5 30.Qd5 Bc6 31.Nxc6 bxc6 32.Qc4 Kxh7 33.Bxc5 Bxc5 34.Qxc5 Rd8 35.Qc2+ Kg8
36.g3 Rd4 37.b4 axb3 38.Qxb3+ Kh7 39.Qc2+ Kg8 40.Qb3+ Kh7 41.Qc2+ Kg8 42.Re8+ Kf7
43.Re3 Kg8 44.h4 Rd5 45.Re8+ Kf7 46.Rc8 Rd6 47.Qe2 Re6 48.Qh5+ Qg6 49.Qf3+ Qf6
50.Qd1 Rd6 51.Qh5+ Qg6 52.Qe5 Re6 53.Qc7+ Re7 54.Qf4+ Qf6 55.Qxf6+ gxf6 56.Rxc6 Re1+
57.Kg2 Ra1 58.Ra6 h5 59.Ra5 Kg6 60.Kf3 Ra2 61.Ke3 Rb2 62.Kf3  1-0

[Event "Wch U20"]
[Site "Adelaide"]
[Date "1988.??.??"]
[Round "12"]
[White "Gelfand, Boris"]
[Black "Hansen, Lars Bo"]
[Result "1-0"]
[WhiteElo "2585"]
[BlackElo "2455"]

1.d4 Nf6 2.Nf3 e6 3.c4 Bb4+ 4.Nbd2 b6 5.a3 Bxd2+ 6.Qxd2 Bb7 7.e3 d6 8.b4 a5
9.Bb2 Nbd7 10.Be2 O-O 11.O-O Ne4 12.Qd3 f5 13.Nd2 Qh4 14.f3 Nxd2 15.Qxd2 Rf6
16.Rf2 Rh6 17.g3 Rg6 18.Bc3 axb4 19.axb4 Qd8 20.Rxa8 Qxa8 21.Qc2 b5 22.cxb5 Bd5
23.Bd2 Qb7 24.Bc4 Bxf3 25.Qxf5 Rf6 26.Bxe6+ Kh8 27.Qh3 Nf8 28.Bc4 Qe4 29.Qf1 d5
30.Bd3 Qg4 31.Be2 Bxe2 32.Qxe2 Qe4 33.Rxf6 gxf6 34.Kf2 Ne6 35.Qf3 Qxf3+ 36.Kxf3 Ng5+
37.Kf4 Kg7 38.g4 Ne4 39.Be1 Nd6 40.Bh4 Kf7 41.g5 fxg5+ 42.Kxg5 Ke6 43.Bg3 Nxb5
44.Kh6 c6 45.Kxh7 Kf7 46.Kh6 Na3 47.Kg5 Nc2 48.Bd6 Nxe3 49.h4 Nc4 50.Bf4 Na3
51.h5 Kg7 52.Be5+ Kh7 53.Bd6 Nc2 54.Bc5 Kg7 55.Kf5 Kf7 56.Ke5  1-0

[Event "Akureyri"]
[Site "Akureyri"]
[Date "1988.??.??"]
[Round "?"]
[White "Hjartarson, Johann"]
[Black "Arnason, Jon L"]
[Result "1/2-1/2"]
[WhiteElo "2590"]
[BlackElo "2510"]

1.d4 Nf6 2.c4 e6 3.Nf3 Bb4+ 4.Nbd2 b6 5.a3 Bxd2+ 6.Bxd2 Bb7 7.Bg5 d6 8.e3 Nbd7
9.Bh4 Qe7 10.Be2 h6 11.Nd2 e5 12.d5 g5 13.Bg3 Nc5 14.Qc2 a5 15.h4 Rg8 16.hxg5 hxg5
17.Rh6 Kf8 18.O-O-O b5 19.Qf5 Ne8 20.cxb5 Bxd5 21.Bc4 Bxc4 22.Nxc4 Qd7 23.Qxd7 Nxd7
24.a4 Nc5 25.b6 Nxa4 26.bxc7 Rc8 27.Nxd6 Rxc7+ 28.Kb1 Rd7 29.Bxe5 f6 30.Bg3 Nc5
31.Kc2 Nxd6 32.Bxd6+ Kg7 33.Rhh1 Rc8 34.Bxc5 Rxc5+ 35.Kb1 Rb7 36.Rd2 Rcb5
37.Rc1 Kg6 38.Rc4 Rb8 39.Rcd4 R8b7 40.Rd5 g4 41.Rxb5 Rxb5 42.Rd4 Kg5 43.Rf4 Rd5
44.Rd4 Rf5 45.Rd2 Kh4 46.e4 Re5 47.Rd5 Rxe4 48.Rxa5 g3 49.Rf5 gxf2 50.Rxf2 Re6
51.b4 Kg3 52.Rb2 f5 53.Ka2 f4 54.Kb3 Rg6 55.b5 Kh2 56.Rf2 Rg3+ 57.Kc4 Rg4
58.Kd5 Kg1 59.Rb2 Rxg2 60.Rb1+ Kf2  1/2-1/2

[Event "EU-ch U20"]
[Site "Arnhem"]
[Date "1988.??.??"]
[Round "9"]
[White "Gelfand, Boris"]
[Black "Delchev, Aleksander"]
[Result "1-0"]
[WhiteElo "2585"]
[BlackElo "2415"]

1.d4 Nf6 2.c4 e6 3.Nf3 Bb4+ 4.Nbd2 O-O 5.a3 Be7 6.e4 d5 7.Qc2 dxe4 8.Nxe4 Nbd7
9.Bd3 Nxe4 10.Bxe4 Nf6 11.Bd3 b6 12.Be3 Bb7 13.O-O-O Qc8 14.Rhe1 c5 15.Ne5 cxd4
16.Bxd4 Rd8 17.Bc3 Bxg2 18.Re3 Qb7 19.Rg1 Bf8 20.Rg3 Be4 21.Ng4 Bg6 22.Bxg6 hxg6
23.Bxf6 Rdc8 24.Kb1 b5 25.Nh6+ gxh6 26.Rxg6+ fxg6 27.Qxg6+ Bg7 28.Bxg7 Qf7
29.Qxh6 Qf5+ 30.Ka1 Kf7 31.Bc3 Rf8 32.Rg5 Qe4 33.Rg7+ Ke8 34.Qh5+ Kd8 35.Ba5+  1-0

[Event "NOR-ch"]
[Site "Asker"]
[Date "1988.??.??"]
[Round "4"]
[White "Tisdall, Jonathan D"]
[Black "Groenn, Atle"]
[Result "1-0"]
[WhiteElo "2460"]
[BlackElo "2205"]

1.d4 Nf6 2.c4 e6 3.Nf3 Bb4+ 4.Nbd2 d5 5.Qa4+ Nc6 6.e3 O-O 7.a3 Bxd2+ 8.Bxd2 Ne4
9.Qc2 Ne7 10.Bd3 f5 11.O-O Ng6 12.Rac1 c6 13.Rfd1 Qf6 14.Bc3 Re8 15.Ba5 b6
16.Be1 Bb7 17.a4 c5 18.a5 dxc4 19.Bxc4 Nd6 20.Be2 Rac8 21.dxc5 Rxc5 22.Bc3 e5
23.axb6 axb6 24.Qa4 Ra8 25.Qb3+ Nf7 26.Rd2 Ne7 27.Rcd1 Kh8 28.Nxe5 Bd5 29.Rxd5 Rxd5
30.Rxd5 Nxd5 31.Qxd5 Ra1+ 32.Bf1  1-0

[Event "Barcelona"]
[Site "Barcelona"]
[Date "1988.??.??"]
[Round "?"]
[White "Gual Pascual, Antonio"]
[Black "Eslon, Jaan"]
[Result "1/2-1/2"]
[WhiteElo "2385"]
[BlackElo "2395"]

1.d4 Nf6 2.c4 e6 3.Nf3 Bb4+ 4.Nbd2 O-O 5.a3 Bxd2+ 6.Qxd2 b6 7.e3 Bb7 8.Bd3 Ne4
9.Qc2 f5 10.O-O d6 11.b4 Nd7 12.Bb2 Qe7 13.Rac1 c5 14.Rfd1 Ndf6 15.h3 Rae8
16.Be2 h6 17.bxc5 bxc5 18.Ba1 Ba8 19.Qd3 Rd8 20.Rc2 Nd7 21.Bf1 e5 22.dxe5 Nxe5
23.Nxe5 dxe5 24.Qe2 Rde8 25.Qe1 Ng5 26.Rcd2 Rf7 27.f3 Bxf3 28.Rd7 Qf8 29.R1d6 Ba8
30.Qd1 Kh7 31.Qh5 Rxd7 32.Qg6+ Kg8 33.Rxd7 Re7 34.Rxe7 Qxe7 35.Qxf5 Nf7 36.Be2 Bb7
37.Bh5 Nd6 38.Qxe5 Qxe5 39.Bxe5 Nxc4 40.Bb8 a6 41.Kf2 Nxa3  1/2-1/2

[Event "URS-ch otbor56"]
[Site "Barnaul"]
[Date "1988.??.??"]
[Round "?"]
[White "Kengis, Edvins"]
[Black "Kiselev, Sergey"]
[Result "1-0"]
[WhiteElo "2470"]
[BlackElo "2420"]

1.d4 Nf6 2.Nf3 e6 3.c4 Bb4+ 4.Nbd2 b6 5.e3 Bb7 6.Bd3 O-O 7.O-O d5 8.a3 Be7
9.b4 c5 10.bxc5 bxc5 11.Rb1 Ba6 12.Ne5 cxd4 13.exd4 Qc8 14.Rb3 Nc6 15.Nxc6 Qxc6
16.c5 Rab8 17.Nf3 Bxd3 18.Rxd3 Rb1 19.Rb3 Rb8 20.Rxb1 Rxb1 21.Qc2 Rb7 22.Bf4 Nd7
23.h4 f6 24.Re1 Nf8 25.Rb1 Rxb1+ 26.Qxb1 Nd7 27.h5 Bf8 28.Bg3 e5 29.Qf5 exd4
30.Nxd4 Qxc5 31.Qe6+ Kh8 32.Nf5 Ne5 33.Bxe5 fxe5 34.h6 Qc1+ 35.Kh2 Qf4+ 36.Kh3 gxh6
37.Qf7  1-0

[Event "GMA-Open"]
[Site "Belgrade"]
[Date "1988.??.??"]
[Round "?"]
[White "Sekulic, Dusan"]
[Black "Bogdanovski, Vlatko"]
[Result "0-1"]
[WhiteElo "2305"]
[BlackElo "2430"]

1.d4 Nf6 2.c4 e6 3.Nf3 Bb4+ 4.Nbd2 b6 5.a3 Bxd2+ 6.Qxd2 Bb7 7.e3 O-O 8.Be2 a5
9.b3 d6 10.O-O Nbd7 11.Ne1 c5 12.f3 d5 13.Bb2 Qe7 14.a4 Rfd8 15.Nc2 Rac8
16.Rfe1 Bc6 17.Bf1 Qe8 18.Qc3 h6 19.e4 dxe4 20.d5 exd5 21.cxd5 Bxd5 22.fxe4 Be6
23.Ne3 Qf8 24.Nc4 Ne8 25.Rad1 Rb8 26.e5 Qe7 27.Rd3 Bxc4 28.Qxc4 Nf8 29.e6 Nxe6
30.Rg3 Rd7 31.Qe4 Rbd8 32.Bd3 Nf6 33.Qf5 Kf8 34.Rge3 Rd5 35.Qf1 Kg8 36.Bc4 R5d6
37.Be5 Rd2 38.Rg3 Nh5 39.Rf3 Nf6 40.Rxf6 gxf6 41.Bxf6 Qd7 42.Qf3 Ng5 43.Qh5 Qf5
44.Rf1 Qe4 45.Bxf7+ Nxf7 46.Qh3 R8d3  0-1

[Event "GMA-Open"]
[Site "Belgrade"]
[Date "1988.??.??"]
[Round "?"]
[White "Ftacnik, Lubomir"]
[Black "Rashkovsky, Nukhim N"]
[Result "1/2-1/2"]
[WhiteElo "2590"]
[BlackElo "2500"]

1.d4 Nf6 2.c4 e6 3.Nf3 Bb4+ 4.Nbd2 d5 5.Qa4+ Nc6 6.Ne5 Bd7 7.Nxc6 Bxd2+ 8.Bxd2 Bxc6
9.Qc2 O-O 10.f3 Re8 11.e3 e5 12.dxe5 Rxe5 13.cxd5 Nxd5  1/2-1/2

[Event "GMA-Open"]
[Site "Belgrade"]
[Date "1988.??.??"]
[Round "?"]
[White "Brujic, Bozidar"]
[Black "Acimovic, Svetozar"]
[Result "0-1"]
[WhiteElo "2240"]
[BlackElo "2370"]

1.d4 Nf6 2.c4 e6 3.Nf3 Bb4+ 4.Nbd2 O-O 5.e3 d6 6.Bd3 e5 7.O-O exd4 8.exd4 Nc6
9.Nb3 d5 10.c5 b6 11.a3 Ba5 12.Bg5 Rb8 13.Bb5 Bd7 14.Qc2 h6 15.Bh4 g5 16.Bg3 Ne7
17.Bxd7 Qxd7 18.Nc1 bxc5 19.dxc5 c6 20.Bxb8 Rxb8 21.Nd3 Ng6 22.Nd2 Qf5 23.Nb3 Bc7
24.Nd4 Qe4 25.Nxc6 Nf4 26.Ne1 Qxc2 27.Nxc2 Rxb2 28.N2d4 Ne4 29.Rab1 Rd2 30.Rb7 Be5
31.Nxe5 Rxd4 32.c6 Ne2+ 33.Kh1 Nxf2+  0-1

[Event "GMA-Open"]
[Site "Belgrade"]
[Date "1988.??.??"]
[Round "?"]
[White "Petrosian, Arshak B"]
[Black "Kosten, Anthony C"]
[Result "1-0"]
[WhiteElo "2460"]
[BlackElo "2515"]

1.d4 Nf6 2.Nf3 e6 3.c4 Bb4+ 4.Nbd2 b6 5.e3 Bb7 6.Bd3 c5 7.O-O cxd4 8.exd4 O-O
9.a3 Be7 10.b4 a5 11.b5 d6 12.Bb2 Nbd7 13.Qe2 Re8 14.Rad1 Bf8 15.Rfe1 Qc7
16.Qe3 Rad8 17.Qg5 g6 18.Qh4 Bg7 19.Bc1 e5 20.Bb2 Re7 21.c5 bxc5 22.dxe5 dxe5
23.Nc4 Rde8 24.Bf1 Nd5 25.Ng5 h6 26.Ne4 Re6 27.Nc3 N7f6 28.Nxd5 Nxd5 29.Qg3 Ba8
30.Qb3 e4 31.Bxg7 Kxg7 32.Ne3 Nxe3 33.fxe3 f5 34.Qc3+ Kh7 35.Rd2 R6e7 36.Red1 f4
37.Rd6 Rf8 38.b6 Qc8 39.exf4 Qg4 40.Qe3 Qxf4 41.Qxf4 Rxf4 42.Rd7 Rff7 43.Rxe7 Rxe7
44.Rc1 e3 45.Rxc5 Bb7 46.Be2 Kg7 47.Rxa5 Re6 48.Rb5 Rc6 49.Rb1 Rc2 50.Bf3 Bxf3
51.gxf3 e2 52.Kf2 e1=Q+ 53.Kxe1 Rxh2 54.Rb3  1-0

[Event "GMA-Open"]
[Site "Belgrade"]
[Date "1988.??.??"]
[Round "?"]
[White "Indjic, Dusan"]
[Black "Rashkovsky, Nukhim N"]
[Result "0-1"]
[WhiteElo "2370"]
[BlackElo "2500"]

1.d4 Nf6 2.c4 e6 3.Nf3 Bb4+ 4.Nbd2 d5 5.a3 Be7 6.e3 O-O 7.Bd3 b6 8.O-O c5
9.b3 cxd4 10.exd4 Bb7 11.Bb2 Nc6 12.Re1 Rc8 13.Rc1 dxc4 14.bxc4 Rc7 15.Nb3 Rd7
16.Qe2 a5 17.Rcd1 a4 18.Nc1 Qa8 19.d5 exd5 20.cxd5 Nxd5 21.Bxh7+ Kxh7 22.Rxd5 Rxd5
23.Qe4+ Kg8 24.Qxd5 Rd8 25.Qc4 Qa5 26.h4 Bf8 27.Qf4 Ne7 28.Re5 Ng6 29.Rxa5 Nxf4
30.Rf5 Rd1+ 31.Kh2 Ng6 32.h5 Bd6+ 33.Kh3 Bc8 34.hxg6 Bxf5+ 35.g4 Bxg6 36.Nd4 Be5
37.Nde2 Bd3 38.f4 Bd6 39.Nc3 Re1 40.Nb5 Bf1+  0-1

[Event "Berlin op"]
[Site "Berlin-West"]
[Date "1988.??.??"]
[Round "4"]
[White "Heinbuch, Detlef"]
[Black "Eperjesi, Laszlo"]
[Result "0-1"]
[WhiteElo "2355"]
[BlackElo "2365"]

1.d4 Nf6 2.Nf3 e6 3.c4 Bb4+ 4.Nbd2 d5 5.a3 Be7 6.Qc2 O-O 7.e3 b6 8.Bd3 Bb7
9.O-O c5 10.cxd5 exd5 11.b3 Nbd7 12.Bb2 Rc8 13.Qb1 Bd6 14.Ne5 h6 15.f4 Qe7
16.Bf5 Rc7 17.Qd3 Rd8 18.Rfc1 Nf8 19.Qe2 Ne6 20.g3 Rdc8 21.Bd3 Ne4 22.Nxe4 dxe4
23.Bc4 cxd4 24.exd4 f5 25.a4 a6 26.Rd1 Kh7 27.h4 b5 28.axb5 axb5 29.Bxe6 Qxe6
30.d5 Bxd5 31.Qxb5 Bc5+ 32.Kh1 Rb7 33.Qe2 Bxb3  0-1

[Event "Berlin op"]
[Site "Berlin-West"]
[Date "1988.??.??"]
[Round "6"]
[White "Hertneck, Gerald"]
[Black "Demetz, Rainer"]
[Result "1/2-1/2"]
[WhiteElo "2435"]
[BlackElo "2040"]

1.d4 Nf6 2.c4 e6 3.Nf3 Bb4+ 4.Nbd2 d5 5.a3 Be7 6.e3 O-O 7.Be2 b6 8.b3 Bb7
9.Bb2 Nbd7 10.cxd5 exd5 11.b4 c6 12.O-O Bd6 13.Ne5 Qe7 14.f4 c5 15.bxc5 bxc5
16.Nb3 c4 17.Na5 Rab8 18.Bf3 Ba8 19.Ra2 Rfc8 20.Qd2 Nb6 21.a4 Ne4 22.Bxe4 dxe4
23.Rc1 Bd5 24.Bc3 f6 25.Ng4 Be6 26.Nf2 Bd7 27.d5 Bxa4 28.Rca1 Bxf4 29.Qc1 Be5
30.Rxa4 Nxa4 31.Rxa4 Bxc3 32.Nc6 Rxc6 33.dxc6 Qe6 34.c7 Rb7 35.Ra6 Qc8 36.Rc6 Be5
37.Ng4 Bxc7 38.Qxc4+ Kh8 39.Qxe4 f5 40.Qe6 Rb1+ 41.Kf2 Rb2+ 42.Kg1 Rb1+ 43.Kf2 Rb2+
44.Kg1 Qxe6 45.Rxe6 h6 46.Nxh6 gxh6 47.Re8+ Kg7 48.Re7+ Kg6 49.Rxc7 a5 50.Ra7 Ra2
51.h3  1/2-1/2

[Event "Biel-B"]
[Site "Biel"]
[Date "1988.??.??"]
[Round "11"]
[White "Litinskaya, Marta I"]
[Black "Landenbergue, Claude"]
[Result "0-1"]
[WhiteElo "2400"]
[BlackElo "2325"]

1.d4 Nf6 2.c4 e6 3.Nf3 Bb4+ 4.Nbd2 O-O 5.a3 Be7 6.e4 d5 7.e5 Nfd7 8.Qc2 c5
9.dxc5 Nc6 10.cxd5 exd5 11.b4 Ndxe5 12.Bb2 Bf6 13.O-O-O Bd7 14.Be2 Qc7 15.Rhe1 Rfc8
16.Kb1 Rab8 17.Nb3 a5 18.b5 a4 19.Nc1 Nxf3 20.Bxf3 Bxb2 21.Qxb2 Na5 22.Rxd5 Be6
23.Rg5 g6 24.h4 Qf4 25.Bd5 Bf5+ 26.Ka1 Rxc5 27.Ne2 Qxf2 28.Rd1 Rxd5 29.Rxd5 Qe1+
30.Ka2 Be6 31.Nf4 Nc4 32.Qd4 Nd2 33.Qb2 Ne4 34.Qc2 Nxg5  0-1

[Event "Bielsko Biala"]
[Site "Bielsko Biala"]
[Date "1988.??.??"]
[Round "2"]
[White "Schulte, Oliver"]
[Black "Stempin, Pawel"]
[Result "1-0"]
[WhiteElo "2440"]
[BlackElo "2450"]

1.d4 Nf6 2.c4 e6 3.Nf3 Bb4+ 4.Nbd2 c5 5.a3 Bxd2+ 6.Qxd2 b6 7.g3 Bb7 8.Bg2 O-O
9.O-O d6 10.b3 Qe7 11.Bb2 Nbd7 12.Rad1 Rfe8 13.Rfe1 Be4 14.Qe3 a5 15.Bh3 h6
16.Qc3 Bh7 17.d5 e5 18.Nh4 Ne4 19.Qe3 Ng5 20.Bf5 Bxf5 21.Nxf5 Qf6 22.Qd3 Nh3+
23.Kg2 Nxf2 24.Kxf2 g6 25.g4 gxf5 26.Qxf5 a4 27.Rd3 axb3 28.Rg1 Kg7 29.Rxb3 Qxf5+
30.gxf5+ Kf6 31.Rh3 Rh8 32.Bc1 Ke7 33.Bxh6 Nf6 34.Rh4 Rxa3 35.Bg5 Rxh4 36.Bxh4 Rh3
37.Bg5 Rxh2+ 38.Kf3 e4+ 39.Ke3 Rh3+ 40.Kd2 Rh2 41.Rg4 Rh6 42.Rxe4+ Kd7 43.Rf4 Ng8
44.Bxh6 Nxh6 45.f6  1-0

[Event "Bielsko Biala"]
[Site "Bielsko Biala"]
[Date "1988.??.??"]
[Round "6"]
[White "Matlak, Marek"]
[Black "Stempin, Pawel"]
[Result "1-0"]
[WhiteElo "2410"]
[BlackElo "2450"]

1.d4 Nf6 2.Nf3 e6 3.c4 Bb4+ 4.Nbd2 b6 5.g3 Ba6 6.Qc2 Bb7 7.Bg2 Be4 8.Qd1 Bxd2+
9.Bxd2 O-O 10.O-O d6 11.Bc3 Nbd7 12.Re1 Qe7 13.b3 c6 14.Bb2 Rfd8 15.Qd2 Rac8
16.Rac1 h6 17.Red1 Nf8 18.Qe3 Ng6 19.Bf1 Nf8 20.Nd2 Bh7 21.Bg2 d5 22.h3 N8d7
23.cxd5 cxd5 24.Rxc8 Rxc8 25.Rc1 Qd8 26.Rxc8 Qxc8 27.Qc3 Qxc3 28.Bxc3 Ne4
29.Bxe4 Bxe4 30.f3 Bc2 31.Kf2 f6 32.e4 Kf7 33.exd5 exd5 34.Ke3 Nb8 35.Nf1 Nc6
36.Kd2 Bb1 37.Ne3 Ke6 38.Kc1 Bh7 39.Kd2 b5 40.b4 Bb1 41.a3 Ne7 42.Bb2 h5
43.Ke2 g5 44.Bc1 Ba2 45.g4 h4 46.Ng2 Bc4+ 47.Kf2 Kf7 48.f4 Kg6 49.fxg5 fxg5
50.Ne1 Nc6 51.Nf3 Bd3 52.Bxg5 Be4 53.Be3 Bxf3 54.Kxf3 a5 55.bxa5 Nxa5 56.Kf4 Nc4
57.Bc1 Kf6 58.g5+ Kg6 59.Kg4 Nd6 60.Be3 Nc4 61.Bc1 Nd6 62.Kxh4 Nf5+ 63.Kg4 Nxd4
64.h4  1-0